[Event "EYCC 2017"]
[Site "Mamaia"]
[Date "2017.09.06"]
[Round "2"]
[White "Gharibyan, Mamikon"]
[Black "Carlsson, Ludvig"]
[Result "1/2-1/2"]
[WhiteElo "2365"]
[BlackElo "2154"]
[Annotator "NA"]
[PlyCount "92"]
[EventDate "2017.??.??"]
[EventType "swiss"]
[EventCountry "ROU"]
[SourceTitle "playchess.com"]
[Source "ChessBase"]
[SourceQuality "1"]
[TimeControl "40/5400+30:1800+30"]

1. d4 {[%emt 0:00:00]} Nf6 {[%emt 0:00:11]} 2. Nf3 {[%emt 0:00:12]} e6 {[%emt 0:00:24]} 3. c4 {[%emt 0:00:38]} b6 {[%emt 0:00:19]} 4. a3 {[%emt 0:02:25]} Bb7 {[%emt 0:01:01]} 5. Nc3 {[%emt 0:00:16]} d5 {[%emt 0:02:12]} 6. Bg5 {[%emt 0:06:15]} Be7 {[%emt 0:01:10]} 7. e3 {[%emt 0:01:44]} O-O {[%emt 0:00:25]} 8. Rc1 {[%emt 0:06:20]} h6 {[%emt 0:08:47]} 9. Bh4 {[%emt 0:05:19]} Ne4 {[%emt 0:03:17]} 10. Bxe7 {[%emt 0:03:15]} Qxe7 {[%emt 0:00:07]} 11. cxd5 {[%emt 0:01:50]} exd5 {[%emt 0:01:56]} 12. Bd3 {[%emt 0:00:41]} Nd7 {[%emt 0:01:40]} 13. O-O {[%emt 0:00:40]} f5 {[%emt 0:12:18]} 14. Ne2 {[%emt 0:05:07]} c6 {[%emt 0:03:01]} 15. Nf4 {[%emt 0:03:09]} Qd6 {[%emt 0:02:21]} 16. Ne5 {[%emt 0:08:22]} Nxe5 {[%emt 0:04:29]} 17. dxe5 {[%emt 0:01:30]} Qxe5 {[%emt 0:00:06]} 18. Ng6 {[%emt 0:00:11]} Qxb2 {[%emt 0:00:07]} 19. Nxf8 {[%emt 0:00:20]} Rxf8 {[%emt 0:00:10]} 20. a4 {[%emt 0:04:33]} c5 {[%emt 0:05:15]} 21. a5 {[%emt 0:05:30]} Qe5 {[%emt 0:01:08]} 22. axb6 {[%emt 0:07:35]} axb6 {[%emt 0:00:05]} 23. f3 {[%emt 0:03:17]} Nd6 {[%emt 0:01:20]} 24. Re1 {[%emt 0:02:48]} Re8 {[%emt 0:10:06]} 25. Qd2 {[%emt 0:04:52]} Kh8 {[%emt 0:09:28]} 26. Qf2 {[%emt 0:03:46]} c4 {[%emt 0:05:14]} 27. Bc2 {[%emt 0:04:40]} b5 {[%emt 0:00:13]} 28. Qd2 {[%emt 0:01:46]} Ra8 {[%emt 0:04:35]} 29. Qd4 {[%emt 0:03:51]} Qxd4 {[%emt 0:03:36]} 30. exd4 {[%emt 0:00:06]} b4 {[%emt 0:00:03]} 31. Rb1 {[%emt 0:02:22]} b3 {[%emt 0:00:45]} 32. Bxb3 {[%emt 0:00:06]} cxb3 {[%emt 0:00:05]} 33. Rxb3 {[%emt 0:00:03]} Rd8 {[%emt 0:06:12]} 34. Re6 {[%emt 0:03:22]} Rd7 {[%emt 0:00:13]} 35. Rxd6 {[%emt 0:00:23]} Rxd6 {[%emt 0:00:04]} 36. Rxb7 {[%emt 0:00:04]} Kh7 {[%emt 0:00:08]} 37. Re7 {[%emt 0:01:26]} Kg6 {[%emt 0:00:10]} 38. Re5 {[%emt 0:00:13]} Kf6 {[%emt 0:00:06]} 39. h4 {[%emt 0:01:31]} g6 {[%emt 0:01:10]} 40. Kf2 {[%emt 0:00:00]} g5 {[%emt 0:01:10]} 41. h5 {[%emt 0:04:52]} Rd8 {[%emt 0:05:07]} 42. Ke2 {[%emt 0:01:06]} Rd6 {[%emt 0:00:32]} 43. Kd3 {[%emt 0:02:21]} f4 {[%emt 0:01:05]} 44. Ke2 {[%emt 0:10:03]} Re6 {[%emt 0:00:46]} 45. Rxe6+ {[%emt 0:00:06]} Kxe6 {[%emt 0:00:04]} 46. Kd3 {[%emt 0:00:10]} Kd6 {[%emt 0:00:04] Ke4 Ke5+} 1/2-1/2

[Event "EYCC 2017"]
[Site "Mamaia"]
[Date "2017.09.06"]
[Round "2"]
[White "Engel, Luis"]
[Black "Ileana, George"]
[Result "0-1"]
[WhiteElo "2363"]
[BlackElo "2219"]
[Annotator "NA"]
[PlyCount "130"]
[EventDate "2017.??.??"]
[EventType "swiss"]
[EventCountry "ROU"]
[SourceTitle "playchess.com"]
[Source "ChessBase"]
[SourceQuality "1"]
[TimeControl "40/5400+30:1800+30"]

1. e4 {[%emt 0:00:00]} c5 {[%emt 0:01:24]} 2. Nf3 {[%emt 0:00:00]} d6 {[%emt 0:00:04]} 3. Bb5+ {[%emt 0:00:00]} Bd7 {[%emt 0:00:30]} 4. Bxd7+ {[%emt 0:00:00]} Qxd7 {[%emt 0:00:04]} 5. O-O {[%emt 0:00:01]} Nf6 {[%emt 0:00:18]} 6. Re1 {[%emt 0:00:09]} Nc6 {[%emt 0:00:13]} 7. d4 {[%emt 0:00:23]} cxd4 {[%emt 0:04:06]} 8. Nxd4 {[%emt 0:00:08]} g6 {[%emt 0:00:17]} 9. Nxc6 {[%emt 0:00:33]} Qxc6 {[%emt 0:01:14]} 10. Nc3 {[%emt 0:00:23]} Bg7 {[%emt 0:00:46]} 11. Nd5 {[%emt 0:00:20]} Rc8 {[%emt 0:07:14]} 12. c3 {[%emt 0:02:21]} h6 {[%emt 0:14:25]} 13. Bf4 {[%emt 0:09:41]} e5 {[%emt 0:05:55]} 14. Nxf6+ {[%emt 0:08:25]} Bxf6 {[%emt 0:00:07]} 15. Be3 {[%emt 0:01:08]} Bg5 {[%emt 0:01:52]} 16. Qd2 {[%emt 0:22:49]} Bxe3 {[%emt 0:00:43]} 17. Qxe3 {[%emt 0:00:07]} Qb6 {[%emt 0:00:16]} 18. Qh3 {[%emt 0:06:34]} O-O {[%emt 0:00:23]} 19. Re2 {[%emt 0:02:27]} Kg7 {[%emt 0:00:22]} 20. Rd2 {[%emt 0:01:17]} Rc4 {[%emt 0:04:44]} 21. Qd3 {[%emt 0:03:12]} Rc6 {[%emt 0:00:13]} 22. Rad1 {[%emt 0:01:13]} Qc5 {[%emt 0:02:51]} 23. Qc2 {[%emt 0:04:41]} b5 {[%emt 0:00:59]} 24. Qb3 {[%emt 0:03:40]} a6 {[%emt 0:02:24]} 25. Rd5 {[%emt 0:04:59]} Qb6 {[%emt 0:00:26]} 26. R1d2 {[%emt 0:03:25]} Rb8 {[%emt 0:03:04]} 27. a3 {[%emt 0:02:50]} Qc7 {[%emt 0:01:16]} 28. g3 {[%emt 0:02:45]} Rbb6 {[%emt 0:01:27]} 29. Kg2 {[%emt 0:01:12]} Rc5 {[%emt 0:00:46]} 30. Qd1 {[%emt 0:02:47]} Rxd5 {[%emt 0:01:22]} 31. Rxd5 {[%emt 0:00:07]} a5 {[%emt 0:00:40]} 32. Qd3 {[%emt 0:03:42]} Qc4 {[%emt 0:01:38]} 33. b4 {[%emt 0:02:21]} axb4 {[%emt 0:02:32]} 34. Qxc4 {[%emt 0:01:05]} bxc4 {[%emt 0:00:35]} 35. axb4 {[%emt 0:00:08]} f5 {[%emt 0:01:26]} 36. Kf3 {[%emt 0:04:26]} Kf6 {[%emt 0:00:29]} 37. Ke3 {[%emt 0:00:13]} Ke6 {[%emt 0:02:08]} 38. f4 {[%emt 0:01:50]} Rc6 {[%emt 0:01:32]} 39. Ra5 {[%emt 0:02:37]} Rc8 {[%emt 0:01:03]} 40. Ra6 {[%emt 0:00:00]} fxe4 {[%emt 0:01:37]} 41. Kxe4 {[%emt 0:06:56]} exf4 {[%emt 0:00:13]} 42. Kxf4 {[%emt 0:04:06]} Rf8+ {[%emt 0:00:59]} 43. Ke3 {[%emt 0:00:17]} Ke5 {[%emt 0:01:50]} 44. Ra5+ {[%emt 0:00:43]} d5 {[%emt 0:02:59]} 45. Ra1 {[%emt 0:03:13]} g5 {[%emt 0:00:40]} 46. b5 {[%emt 0:01:05]} d4+ {[%emt 0:00:33]} 47. cxd4+ {[%emt 0:00:22]} Kd5 {[%emt 0:00:03]} 48. b6 {[%emt 0:01:30]} Re8+ {[%emt 0:01:26]} 49. Kd2 {[%emt 0:00:40]} Kxd4 {[%emt 0:00:04]} 50. Rc1 {[%emt 0:06:22]} Rf8 {[%emt 0:01:09]} 51. Ke2 {[%emt 0:09:06]} Rb8 {[%emt 0:03:52]} 52. Rb1 {[%emt 0:00:26]} c3 {[%emt 0:00:42]} 53. Rd1+ {[%emt 0:04:14]} Kc4 {[%emt 0:02:26]} 54. Rd6 {[%emt 0:00:08]} Kb3 {[%emt 0:00:56]} 55. Rxh6 {[%emt 0:00:52]} c2 {[%emt 0:01:56]} 56. Rc6 {[%emt 0:00:05]} Kb2 {[%emt 0:01:10]} 57. Kf3 {[%emt 0:00:11]} c1=Q {[%emt 0:00:39]} 58. Rxc1 {[%emt 0:00:03]} Kxc1 {[%emt 0:00:24]} 59. Kg4 {[%emt 0:01:11]} Kd2 {[%emt 0:00:43]} 60. Kxg5 {[%emt 0:00:35]} Ke3 {[%emt 0:00:27]} 61. h4 {[%emt 0:00:06]} Ke4 {[%emt 0:00:16]} 62. h5 {[%emt 0:00:14]} Ke5 {[%emt 0:00:22]} 63. Kg6 {[%emt 0:00:52]} Rxb6+ {[%emt 0:00:18]} 64. Kg7 {[%emt 0:00:06]} Kf5 {[%emt 0:00:19]} 65. h6 {[%emt 0:00:40]} Rb7+ {[%emt 0:00:07]} 0-1

[Event "EYCC 2017"]
[Site "Mamaia"]
[Date "2017.09.06"]
[Round "2"]
[White "Gavrilescu, David"]
[Black "Makarian, Rudik"]
[Result "0-1"]
[WhiteElo "2346"]
[BlackElo "2146"]
[Annotator "NA"]
[PlyCount "82"]
[EventDate "2017.??.??"]
[EventType "swiss"]
[EventCountry "ROU"]
[SourceTitle "playchess.com"]
[Source "ChessBase"]
[SourceQuality "1"]
[TimeControl "40/5400+30:1800+30"]

1. d4 {[%emt 0:00:00]} Nf6 {[%emt 0:00:09]} 2. Nf3 {[%emt 0:00:00]} b6 {[%emt 0:00:28]} 3. c4 {[%emt 0:01:25]} e6 {[%emt 0:01:30]} 4. a3 {[%emt 0:00:57]} Bb7 {[%emt 0:00:11]} 5. Nc3 {[%emt 0:00:13]} d5 {[%emt 0:00:41]} 6. Bg5 {[%emt 0:01:04]} Be7 {[%emt 0:00:53]} 7. Qb3 {[%emt 0:01:26]} Nbd7 {[%emt 0:06:11]} 8. Rd1 {[%emt 0:01:43]} dxc4 {[%emt 0:07:53]} 9. Qxc4 {[%emt 0:00:10]} O-O {[%emt 0:00:08]} 10. e3 {[%emt 0:01:47]} Rc8 {[%emt 0:06:53]} 11. Be2 {[%emt 0:07:28]} c5 {[%emt 0:02:13]} 12. Qa4 {[%emt 0:04:04]} a6 {[%emt 0:09:09]} 13. dxc5 {[%emt 0:06:46]} b5 {[%emt 0:00:13]} 14. Qb3 {[%emt 0:18:24]} Nxc5 {[%emt 0:01:51]} 15. Qa2 {[%emt 0:00:55]} Nd5 {[%emt 0:09:15]} 16. Bxe7 {[%emt 0:05:40]} Qxe7 {[%emt 0:00:39]} 17. Nb1 {[%emt 0:00:31]} Na4 {[%emt 0:10:50]} 18. Nd4 {[%emt 0:05:42]} e5 {[%emt 0:07:02]} 19. Nf5 {[%emt 0:03:12]} Qf6 {[%emt 0:09:08]} 20. Bd3 {[%emt 0:09:07]} e4 {[%emt 0:03:16]} 21. Bxe4 {[%emt 0:00:24]} Ndc3 {[%emt 0:00:04]} 22. Nxc3 {[%emt 0:03:40]} Nxc3 {[%emt 0:00:04]} 23. bxc3 {[%emt 0:00:26]} Bxe4 {[%emt 0:00:05]} 24. Nd4 {[%emt 0:02:52]} Bxg2 {[%emt 0:00:33]} 25. Rg1 {[%emt 0:01:03]} Be4 {[%emt 0:03:15]} 26. Rg4 {[%emt 0:05:10]} Rfe8 {[%emt 0:01:49]} 27. a4 {[%emt 0:01:24]} Bf3 {[%emt 0:02:47]} 28. Nxf3 {[%emt 0:03:58]} Qxf3 {[%emt 0:00:07]} 29. Rg3 {[%emt 0:00:11]} Rxe3+ {[%emt 0:00:51]} 30. fxe3 {[%emt 0:00:52]} Qh1+ {[%emt 0:00:05]} 31. Kf2 {[%emt 0:00:12]} Qxd1 {[%emt 0:00:05]} 32. Rf3 {[%emt 0:00:06]} Qd7 {[%emt 0:01:45]} 33. axb5 {[%emt 0:01:25]} axb5 {[%emt 0:02:31]} 34. Qb3 {[%emt 0:02:13]} h6 {[%emt 0:04:09]} 35. Rf4 {[%emt 0:01:16]} Re8 {[%emt 0:01:25]} 36. Qa2 {[%emt 0:02:41]} Re7 {[%emt 0:02:01]} 37. Rf3 {[%emt 0:01:50]} Qd3 {[%emt 0:01:18]} 38. Qe2 {[%emt 0:00:25]} Qd5 {[%emt 0:00:27]} 39. Rf4 {[%emt 0:05:34]} Ra7 {[%emt 0:00:19]} 40. c4 {[%emt 0:00:00]} Qh1 {[%emt 0:01:05]} 41. cxb5 {[%emt 0:06:45]} Ra2 {[%emt 0:00:46]} 0-1

[Event "EYCC 2017"]
[Site "Mamaia"]
[Date "2017.09.06"]
[Round "2"]
[White "Zachary, Matheo"]
[Black "Lomandong, Marc-Antoine"]
[Result "1-0"]
[WhiteElo "2325"]
[BlackElo "2121"]
[Annotator "NA"]
[PlyCount "79"]
[EventDate "2017.??.??"]
[EventType "swiss"]
[EventCountry "ROU"]
[SourceTitle "playchess.com"]
[Source "ChessBase"]
[SourceQuality "1"]
[TimeControl "40/5400+30:1800+30"]

1. e4 {[%emt 0:00:00]} e5 {[%emt 0:00:06]} 2. Nf3 {[%emt 0:00:00]} Nc6 {[%emt 0:00:05]} 3. Nc3 {[%emt 0:00:00]} Nf6 {[%emt 0:00:13]} 4. Bb5 {[%emt 0:00:03]} Bb4 {[%emt 0:00:08]} 5. d3 {[%emt 0:00:06]} d6 {[%emt 0:00:22]} 6. O-O {[%emt 0:00:07]} O-O {[%emt 0:00:04]} 7. Ne2 {[%emt 0:00:04]} a6 {[%emt 0:01:36]} 8. Ba4 {[%emt 0:00:56]} b5 {[%emt 0:01:04]} 9. Bb3 {[%emt 0:00:11]} Bg4 {[%emt 0:07:18]} 10. Ng3 {[%emt 0:05:06]} a5 {[%emt 0:23:09]} 11. c3 {[%emt 0:04:30]} Bc5 {[%emt 0:01:17]} 12. h3 {[%emt 0:03:30]} a4 {[%emt 0:05:31]} 13. Bc2 {[%emt 0:09:32]} Bxf3 {[%emt 0:04:18]} 14. Qxf3 {[%emt 0:00:39]} b4 {[%emt 0:15:32]} 15. a3 {[%emt 0:07:22]} b3 {[%emt 0:01:09]} 16. Bd1 {[%emt 0:00:22]} d5 {[%emt 0:09:13]} 17. Bg5 {[%emt 0:04:18]} d4 {[%emt 0:02:02]} 18. c4 {[%emt 0:06:12]} h6 {[%emt 0:09:56]} 19. Bd2 {[%emt 0:05:51]} Ra6 {[%emt 0:02:29]} 20. Nf5 {[%emt 0:03:47]} Ne7 {[%emt 0:05:20]} 21. g4 {[%emt 0:02:58]} Nxf5 {[%emt 0:04:20]} 22. gxf5 {[%emt 0:01:45]} Nh7 {[%emt 0:01:51]} 23. Qg3 {[%emt 0:01:22]} Be7 {[%emt 0:00:56]} 24. f4 {[%emt 0:09:14]} Bh4 {[%emt 0:01:09]} 25. Qg4 {[%emt 0:01:06]} h5 {[%emt 0:00:36]} 26. Qg2 {[%emt 0:04:28]} exf4 {[%emt 0:01:01]} 27. Bxf4 {[%emt 0:02:54]} g5 {[%emt 0:01:09]} 28. Bxh5 {[%emt 0:03:51]} Rh6 {[%emt 0:01:06]} 29. Bf3 {[%emt 0:01:50]} Kh8 {[%emt 0:00:41]} 30. Bh2 {[%emt 0:01:09]} g4 {[%emt 0:01:10]} 31. Bxg4 {[%emt 0:00:50]} Rg8 {[%emt 0:00:19]} 32. e5 {[%emt 0:01:12]} Ng5 {[%emt 0:00:45]} 33. Kh1 {[%emt 0:02:06]} Nxh3 {[%emt 0:00:28]} 34. Qxh3 {[%emt 0:02:04]} Bg5 {[%emt 0:00:33]} 35. Qf3 {[%emt 0:00:36]} Kg7 {[%emt 0:00:25]} 36. Rg1 {[%emt 0:01:55]} Be3 {[%emt 0:00:33]} 37. Rg2 {[%emt 0:00:35]} Rgh8 {[%emt 0:00:27]} 38. Rf1 {[%emt 0:02:10]} Qe8 {[%emt 0:00:30]} 39. Qd5 {[%emt 0:01:14]} c6 {[%emt 0:00:30]} 40. f6+ {[%emt 0:00:00]} 1-0

[Event "EYCC 2017"]
[Site "Mamaia"]
[Date "2017.09.06"]
[Round "2"]
[White "Van Dael, Siem"]
[Black "Minko, Dmitry"]
[Result "1-0"]
[WhiteElo "2319"]
[BlackElo "2091"]
[Annotator "NA"]
[PlyCount "143"]
[EventDate "2017.??.??"]
[EventType "swiss"]
[EventCountry "ROU"]
[SourceTitle "playchess.com"]
[Source "ChessBase"]
[SourceQuality "1"]
[TimeControl "40/5400+30:1800+30"]

1. e4 {[%emt 0:00:00]} e5 {[%emt 0:00:08]} 2. Nf3 {[%emt 0:00:00]} Nc6 {[%emt 0:00:05]} 3. Bc4 {[%emt 0:00:00]} Bc5 {[%emt 0:00:09]} 4. d3 {[%emt 0:00:00]} Nf6 {[%emt 0:00:20]} 5. Nc3 {[%emt 0:00:03]} d6 {[%emt 0:02:53]} 6. Bg5 {[%emt 0:00:06]} h6 {[%emt 0:01:37]} 7. Bxf6 {[%emt 0:00:09]} Qxf6 {[%emt 0:01:02]} 8. Nd5 {[%emt 0:00:06]} Qd8 {[%emt 0:00:10]} 9. c3 {[%emt 0:00:06]} Bg4 {[%emt 0:08:00]} 10. h3 {[%emt 0:17:17]} Bh5 {[%emt 0:01:00]} 11. b4 {[%emt 0:00:58]} Bb6 {[%emt 0:01:12]} 12. a4 {[%emt 0:00:25]} a6 {[%emt 0:04:50]} 13. Nxb6 {[%emt 0:24:07]} cxb6 {[%emt 0:00:11]} 14. g4 {[%emt 0:00:20]} Bg6 {[%emt 0:00:56]} 15. Nd2 {[%emt 0:00:33]} Ne7 {[%emt 0:06:41]} 16. Qf3 {[%emt 0:02:08]} O-O {[%emt 0:06:02]} 17. O-O {[%emt 0:05:20]} Qd7 {[%emt 0:04:03]} 18. Bb3 {[%emt 0:09:45]} b5 {[%emt 0:07:11]} 19. axb5 {[%emt 0:01:32]} axb5 {[%emt 0:00:02]} 20. Qe3 {[%emt 0:14:49]} Rxa1 {[%emt 0:05:52]} 21. Rxa1 {[%emt 0:00:08]} Rc8 {[%emt 0:00:21]} 22. Ra3 {[%emt 0:02:31]} Kh8 {[%emt 0:02:47]} 23. Ba2 {[%emt 0:01:09]} f6 {[%emt 0:07:38]} 24. Qf3 {[%emt 0:06:31]} Bh7 {[%emt 0:08:45]} 25. Nf1 {[%emt 0:02:09]} Bg8 {[%emt 0:11:02]} 26. Bxg8 {[%emt 0:00:15]} Kxg8 {[%emt 0:00:07]} 27. Ne3 {[%emt 0:00:30]} Qd8 {[%emt 0:05:46]} 28. Qe2 {[%emt 0:03:09]} Kh7 {[%emt 0:02:32]} 29. Qa2 {[%emt 0:01:50]} Rc6 {[%emt 0:00:11]} 30. Qf7 {[%emt 0:04:15]} Rc7 {[%emt 0:04:55]} 31. Qe6 {[%emt 0:01:23]} Rc6 {[%emt 0:00:19]} 32. Qf7 {[%emt 0:03:08]} Rc7 {[%emt 0:00:07]} 33. Nd5 {[%emt 0:01:08]} Nxd5 {[%emt 0:00:32]} 34. Qxd5 {[%emt 0:00:02]} Qc8 {[%emt 0:01:58]} 35. Qb3 {[%emt 0:00:47]} h5 {[%emt 0:00:51]} 36. f3 {[%emt 0:00:28]} hxg4 {[%emt 0:01:05]} 37. hxg4 {[%emt 0:00:11]} Kg6 {[%emt 0:00:18]} 38. Kg2 {[%emt 0:00:29]} Rc6 {[%emt 0:03:27]} 39. Kg3 {[%emt 0:00:52]} Rc7 {[%emt 0:01:47]} 40. Qb2 {[%emt 0:00:00]} Kf7 {[%emt 0:01:21]} 41. Qa1 {[%emt 0:11:39]} Qh8 {[%emt 0:10:20]} 42. Qc1 {[%emt 0:09:03]} Qc8 {[%emt 0:07:39]} 43. Qd2 {[%emt 0:02:31]} Ke7 {[%emt 0:00:11]} 44. Qa2 {[%emt 0:03:38]} Qh8 {[%emt 0:00:36]} 45. Kg2 {[%emt 0:06:27]} Qh6 {[%emt 0:02:49]} 46. Qc2 {[%emt 0:00:07]} Qe3 {[%emt 0:00:26]} 47. Ra5 {[%emt 0:00:54]} Qb6 {[%emt 0:01:33]} 48. Qb3 {[%emt 0:00:25]} Qe3 {[%emt 0:01:50]} 49. Qc2 {[%emt 0:00:05]} Qb6 {[%emt 0:00:00]} 50. Qd2 {[%emt 0:00:31]} Qc6 {[%emt 0:01:41]} 51. Ra3 {[%emt 0:00:52]} Qb6 {[%emt 0:00:37]} 52. g5 {[%emt 0:00:31]} Rc8 {[%emt 0:00:51]} 53. Ra1 {[%emt 0:00:36]} Rh8 {[%emt 0:00:42]} 54. Rh1 {[%emt 0:00:31]} Qd8 {[%emt 0:00:37]} 55. Qe1 {[%emt 0:00:28]} Qc8 {[%emt 0:01:10]} 56. Rxh8 {[%emt 0:00:19]} Qxh8 {[%emt 0:00:02]} 57. Qg3 {[%emt 0:00:29]} Qh7 {[%emt 0:02:32]} 58. Qg4 {[%emt 0:00:43]} Qg6 {[%emt 0:00:24]} 59. gxf6+ {[%emt 0:00:10]} Qxf6 {[%emt 0:02:37]} 60. Kg3 {[%emt 0:00:06]} g5 {[%emt 0:01:06]} 61. Kg2 {[%emt 0:00:54]} Kd8 {[%emt 0:01:04]} 62. c4 {[%emt 0:00:43]} bxc4 {[%emt 0:00:08]} 63. dxc4 {[%emt 0:00:01]} Kc7 {[%emt 0:02:27]} 64. Qf5 {[%emt 0:00:10]} Qxf5 {[%emt 0:00:47]} 65. exf5 {[%emt 0:00:05]} Kd7 {[%emt 0:00:04]} 66. Kg3 {[%emt 0:00:06]} Ke7 {[%emt 0:00:01]} 67. Kg4 {[%emt 0:00:05]} Kf6 {[%emt 0:00:05]} 68. c5 {[%emt 0:00:05]} d5 {[%emt 0:03:11]} 69. b5 {[%emt 0:00:04]} Ke7 {[%emt 0:00:35]} 70. f6+ {[%emt 0:00:29]} Kxf6 {[%emt 0:00:19]} 71. c6 {[%emt 0:00:10]} bxc6 {[%emt 0:00:09]} 72. b6 {[%emt 0:00:05]} 1-0

[Event "EYCC 2017"]
[Site "Mamaia"]
[Date "2017.09.06"]
[Round "2"]
[White "Kouskoutis, Georgios-Alexandros"]
[Black "Santos Ruiz, Miguel"]
[Result "1/2-1/2"]
[WhiteElo "2314"]
[BlackElo "2505"]
[Annotator "TA"]
[PlyCount "32"]
[EventDate "2017.??.??"]
[EventType "swiss"]
[EventCountry "ROU"]
[SourceTitle "playchess.com"]
[Source "ChessBase"]
[SourceQuality "1"]

{[%evp 17,32,14,14,0,53,29,39,40,45,39,40,47,42,26,47,24,55]} 1. e4 c5 2. Nf3 d6 3. d4 cxd4 4. Nxd4 Nf6 5. Nc3 a6 6. Bg5 Nbd7 7. f4 Qa5 {B94: Sicilian Najdorf: 6 Bg5 Nbd7} (7... Qc7 8. Be2 e6 9. O-O Be7 10. Kh1 b5 11. Bf3 Bb7 12. Bxf6 Nxf6 13. e5 dxe5 14. fxe5 Nd7 15. Bxb7 Qxb7 {½-½ (65) Azarov,S (2582)-Fedoseev,V (2690) Minsk 2017}) 8. Nb3 Qc7 9. Be2 e6 {LiveBook: 5 Games. The position is equal.} 10. f5 e5 $146 (10... Be7 $11) ({Find the theoretical novelty and annotate with similar games:} 10... exf5 11. exf5 Be7 12. O-O O-O 13. a4 Re8 14. Qd4 b6 15. a5 b5 16. Rad1 Rb8 {½-½ (45) Savelli,D (2230)-Reisinger,G ICCF email 1999}) 11. g4 h6 12. Bxf6 Nxf6 13. Qd3 b5 14. a3 Bb7 15. O-O-O Rc8 16. Kb1 Be7 1/2-1/2

[Event "EYCC 2017"]
[Site "Mamaia"]
[Date "2017.09.06"]
[Round "2"]
[White "Nowak, Kamil"]
[Black "Livaic, Leon"]
[Result "0-1"]
[WhiteElo "2314"]
[BlackElo "2461"]
[Annotator "TA"]
[PlyCount "74"]
[EventDate "2017.??.??"]
[EventType "swiss"]
[EventCountry "ROU"]
[SourceTitle "playchess.com"]
[Source "ChessBase"]
[SourceQuality "1"]

{[%evp 25,74,0,14,0,0,0,0,0,0,-22,-22,-60,-21,-19,0,-35,-22,-33,0,0,0,-90,-72,-108,-108,-122,-120,-177,-173,-266,-262,-614,-592,-586,-575,-596,-592,-558,-537,-572,-540,-964,-933,-878,-884,-1231,-1194,-29970,-29969,-12802,-12800]} 1. e4 e6 2. d4 d5 3. Nc3 Bb4 4. e5 c5 5. a3 Bxc3+ 6. bxc3 Ne7 7. h4 Qa5 8. Bd2 Qa4 9. h5 h6 10. Nf3 Nbc6 11. Bd3 c4 12. Be2 Bd7 13. O-O O-O-O {LiveBook: 4 Games} 14. g3 {C18: French: 3 Nc3 Bb4: Main line: 7 h4 and 7 Qg4} (14. Nh2 Kb8 15. Ng4 Ka8 16. Ne3 Rdf8 17. f4 f5 18. Kf2 Be8 19. Rh1 Rh7 20. Rh3 Qa5 21. Bf3 Rg8 {1-0 (71) Della Morte,G (2387)-Rodriguez Vila,A (2531) Villa Martelli 2008}) 14... Kb8 $146 ({Predecessor:} 14... f5 15. Nh4 Qa5 16. Kh2 Rdg8 17. a4 Be8 18. Bf3 g5 19. hxg6 Nxg6 20. Rg1 h5 21. Qc1 f4 22. Nxg6 fxg3+ 23. Rxg3 Rxg6 {0-1 (39) Seidler,L (2049)-Lutz,B (2301) Basel 2010}) 15. Nh4 Rdg8 16. Bg4 {The position is equal.} Nc8 17. f4 g6 18. Kh2 Nb6 19. Ng2 Qa5 20. a4 Ne7 21. Ne3 Nf5 22. Bxf5 $1 gxf5 23. Ra2 (23. g4 $11 {remains equal.}) 23... Rg7 $17 ({Of course not} 23... Bxa4 $6 24. Qa1 $11) 24. Qa1 Rhg8 ({Don't play} 24... Bxa4 $6 25. Rb1 $14) 25. Rg1 Nxa4 26. Bc1 (26. Be1 $17 {keeps fighting.}) 26... Ka8 $19 27. Nd1 {[#]} (27. Bd2 $142) 27... Qd8 $1 28. Kh3 $2 (28. Bd2) 28... Qe8 29. Nf2 {[#]} f6 $1 {[%mdl 512]} 30. g4 (30. exf6 Qxh5+) 30... fxe5 31. dxe5 Bc6 32. Be3 {[#]} d4 $1 {[%mdl 512]} 33. Rxa4 (33. cxd4 Rxg4) 33... Bxa4 34. Bxd4 fxg4+ {[%cal Bf5g4,Bg4f3][%mdl 32]} 35. Kg3 Qc6 {( -> ...Qf3+)} 36. Qd1 {[#]} Qf3+ $1 37. Qxf3 gxf3+ {Precision: White = 32%, Black = 78%.} 0-1

[Event "EYCC 2017"]
[Site "Mamaia"]
[Date "2017.09.06"]
[Round "2"]
[White "Koziol, Kamil"]
[Black "Plenca, Jadranko"]
[Result "1/2-1/2"]
[WhiteElo "2313"]
[BlackElo "2440"]
[Annotator "TA"]
[PlyCount "36"]
[EventDate "2017.??.??"]
[EventType "swiss"]
[EventCountry "ROU"]
[SourceTitle "playchess.com"]
[Source "ChessBase"]
[SourceQuality "1"]

{[%evp 18,36,29,0,14,0,5,5,5,10,9,10,35,19,20,18,23,20,24,20,39]} 1. d4 Nf6 2. c4 e6 3. Nc3 Bb4 4. Qc2 d5 5. a3 Bxc3+ 6. Qxc3 dxc4 7. Qxc4 b6 {E36: Nimzo-Indian: Classical: 4...d5 5 a3} 8. Nf3 Ba6 9. Qc2 O-O 10. Bf4 {LiveBook: 11 Games} Qd5 11. Rc1 Rc8 12. g3 c5 13. Bg2 {[#] And now Nh4 would win.} Bb7 14. O-O Na6 15. dxc5 Nxc5 16. Rfd1 Qe4 $146 ({Predecessor:} 16... Qh5 17. b4 Nce4 18. Qxc8+ {1-0 (18) Gabriel,C (2530)-Hermesmann,H (2295) Germany 1994}) 17. Qxe4 Bxe4 18. Nd4 Bxg2 {Precision: White = 54%, Black = 50%.} 1/2-1/2

[Event "EYCC 2017"]
[Site "Mamaia"]
[Date "2017.09.06"]
[Round "2"]
[White "Lopez Mulet, Inigo"]
[Black "Drygalov, Sergey"]
[Result "1/2-1/2"]
[WhiteElo "2302"]
[BlackElo "2415"]
[Annotator "TA"]
[PlyCount "52"]
[EventDate "2017.??.??"]
[EventType "swiss"]
[EventCountry "ROU"]
[SourceTitle "playchess.com"]
[Source "ChessBase"]
[SourceQuality "1"]

{[%evp 12,52,29,29,30,29,35,21,35,23,31,22,41,38,70,48,56,39,33,32,47,33,33,32,35,34,33,14,22,21,20,21,19,13,30,29,37,28,63,44,67,29,26]} 1. d4 d5 2. c4 c6 3. cxd5 cxd5 4. Bg5 Nc6 5. Nc3 Nf6 6. Bxf6 {D10: Slav Defence: 3 cxd5 (without early Nf3) and 3 Nc3} gxf6 7. e3 {LiveBook: 18 Games} f5 (7... a6 8. Rc1 Bf5 9. Bd3 Bg6 10. f4 f5 11. h4 h5 12. Nf3 e6 13. Na4 f6 {½-½ (39) Grischuk,A (2761)-Carlsen,M (2832) Paris 2017}) 8. g3 e6 9. Nf3 $146 ({Predecessor:} 9. Nge2 Bg7 10. Nf4 O-O 11. Nh5 Bd7 12. g4 {1-0 (25) Kolani,L-Kiriazis,D (2003) Athens 1999}) 9... a6 10. Rc1 Bd7 11. Bd3 b5 12. O-O Bg7 13. Nd2 Na5 14. Nb3 Nxb3 15. Qxb3 Qa5 16. Ne2 O-O 17. a3 Rfc8 18. Nf4 Bf8 19. h3 Bd6 20. Rxc8+ Rxc8 21. Qd1 Qd8 22. Qe2 Kh8 23. Kh2 Qf6 24. Qd2 Rg8 25. Rg1 Qd8 26. Qe2 Qf6 {Precision: White = 44%, Black = 39%.} 1/2-1/2